Guess the Letter-shaped Flags #4 - Statistics

General Stats
  • This quiz has been taken 59 times
  • The average score is 17 of 20
Answer Stats
Picture Answer % Correct
New Zealand
98%
United Kingdom
98%
Algeria
96%
Iceland
93%
Jordan
93%
Sudan
93%
Taiwan
93%
Bhutan
91%
Cambodia
91%
Philippines
89%
Trinidad and Tobago
89%
Montenegro
87%
Ghana
84%
Eritrea
82%
Bahrain
78%
Marshall Islands
76%
Kyrgyzstan
73%
Equatorial Guinea
67%
Saint Kitts and Nevis
60%
Sao Tomé and Principe
58%
No matching quizzes found
Score Distribution
Percent of People with Each Score
Percentile by Number Answered
Your Score History
You have not taken this quiz